Vainqueurs de la Ligue Europa - Statistiques

Statistiques générales
  • Ce quiz a été pris 564 fois
    197 depuis la dernière actualisation
  • Le résultat moyen est 27 sur 54
Statistiques - réponses
Saison Vainqueur % Correct
2005-2006 Séville FC
95%
2006-2007 Séville FC
95%
2013-2014 Séville FC
95%
2014-2015 Séville FC
95%
2015-2016 Séville FC
95%
2019-2020 Séville FC
95%
2022-2023 Séville FC
95%
2016-2017 Manchester United
83%
2012-2013 Chelsea FC
81%
2018-2019 Chelsea FC
81%
1971-1972 Tottenham Hotspur
79%
1983-1984 Tottenham Hotspur
79%
2024-2025 Tottenham Hotspur
79%
1990-1991 Inter Milan
62%
1993-1994 Inter Milan
62%
1997-1998 Inter Milan
62%
1972-1973 Liverpool FC
57%
1975-1976 Liverpool FC
57%
2000-2001 Liverpool FC
57%
1984-1985 Real Madrid
57%
1985-1986 Real Madrid
57%
1976-1977 Juventus
55%
1989-1990 Juventus
55%
1992-1993 Juventus
55%
1991-1992 Ajax Amsterdam
53%
1995-1996 Bayern Munich
53%
2002-2003 FC Porto
53%
2010-2011 FC Porto
53%
2003-2004 Valence CF
46%
1977-1978 PSV Eindhoven
43%
1973-1974 Feyenoord Rotterdam
37%
2001-2002 Feyenoord Rotterdam
37%
2009-2010 Atlético de Madrid
34%
2011-2012 Atlético de Madrid
34%
2017-2018 Atlético de Madrid
34%
1987-1988 Bayer Leverkusen
33%
1988-1989 SSC Naples
32%
1979-1980 Eintracht Francfort
29%
2021-2022 Eintracht Francfort
29%
1994-1995 Parme FC
28%
1998-1999 Parme FC
28%
1999-2000 Galatasaray
27%
2020-2021 Villarreal CF
27%
2007-2008 Zénith Saint-Pétersbourg
26%
1982-1983 RSC Anderlecht
22%
2004-2005 CSKA Moscou
20%
1996-1997 Schalke 04
16%
1974-1975 Borussia Mönchengladbach
14%
1978-1979 Borussia Mönchengladbach
14%
2023-2024 Atalanta BC
13%
2008-2009 Chakhtar Donetsk
11%
1981-1982 IFK Göteborg
11%
1986-1987 IFK Göteborg
11%
1980-1981 Ipswich Town
11%
Aucun quiz correspondant
Distribution des résultats
% des personnes avec chaque résultat
Percentile par nombre de réponses
Votre historique - résultats
Vous n’avez pas pris ce quiz depuis la dernière actualisation